Statistiken für Die 10 häufigsten Buchstaben in der deutschen Sprache - in 15 Sekunden

Klicken Sie hier um das Quiz zu spielen!

Allgemein

  • Dieses Quiz wurde 851 mal gespielt
  • Das Durchschnittsergebnis liegt bei 7 aus 10

Antwortstatistiken

HäufigkeitBuchstabe% Korrekt
6,51 %A
97%
17,40%E
97%
7,55 %I
91%
4,35 %U
75%
7,27 %S
73%
9,78 %N
69%
6,15 %T
68%
7,00 %R
64%
5,08 %D
46%
4,76 %H
45%

Verteilung der Resultate

Perzentil nach korrekt beantworteten Fragen

Anzahl Personen mit jedem Resultat

Ihre Resultats-Entwicklung

Sie haben dieses Quiz noch nicht gespielt